00909nam a2200205 a 450000100100000000500170001000800410002704000250006810000450009324500720013826000430021030000210025349000310027483000360030504900090034195201200035095201050047095201110057599900170068600002247520200930021629.0101011s1988 dr 001 0 spa d aDO-SdBNPbspacBNPHU1 aAmiama Veloz, Luisa A.q(Chilito)94630810aCatálogo de sellos postales dominicanos /cLuisa A. Amiama Veloz. aSanto Domingo :bEdiora Taller,c1988. a221 p. ;c23 cm.1 aBiblioteca Tallervno. 267 0aBiblioteca Tallervno. 2679164 aBNPD 001054708DSaGRbGRcCTd2011-11-14iLF1l0o p22475-30r2020-06-25te. 3w2020-06-25yLFDSZPréstamo en sala 0010718PDaPDbPDcHDd2010-10-11iLF1l0o p22475-10r2020-06-25w2020-06-25yLFPDZNo se presta 0010718PDaPDbPDcCTd2011-09-26iLF1l0o p22475-20r2020-06-25te. 2w2020-06-25yLFPDZNo se presta c21973d21973